Štúdium lokálnych anestetík 108 Korelácia medzi log k',niektorými fyzikálno-chemickými parametrami a lokálno anestetickou účinnosťou v sérii dimetylamínoetylesterov alkoxysubstituovaných kyselín fenylkarbámových ; Aut. Pham Thi Viet Nga, Jozef Čižmárik, J. Lehotay, A. Bednáriková

Bibliographic Details
Main Authors: Pham Thi Viet Nga (Author), Čižmárik, Jozef, 1943- (Author), Lehotay, J. (Author), Bednáriková, A. (Author)
Format: Article
Language:Slovak
PhysicalDescription:Obr. 3, tab. 1, res. angl., lit. 7 zázn. v angl., češ., nem.
ISSN:0009-0530
Subjects:

MARC

LEADER 00000nab a2200000 a 4500
001 vtls000589380
003 SK-MaSNL
005 20260303011308.0
008 220422c1993 xo 0 slo
015 |a SNBRB19rr/mm-uuuuu 
035 |a CL0589519 
040 |a SNKBUCL  |b slo  |c SNKBUCL  |e AACR2 
041 0 |a slo 
044 |a xo  |c SK 
080 |a 615.211.01  |2 1981 
245 0 0 |a Štúdium lokálnych anestetík 108  |b Korelácia medzi log k',niektorými fyzikálno-chemickými parametrami a lokálno anestetickou účinnosťou v sérii dimetylamínoetylesterov alkoxysubstituovaných kyselín fenylkarbámových ; Aut. Pham Thi Viet Nga, Jozef Čižmárik, J. Lehotay, A. Bednáriková 
300 |b Obr. 3, tab. 1, res. angl., lit. 7 zázn. v angl., češ., nem. 
650 0 7 |a lokálne anestetiká  |2 snkbucl  |9 2420 
650 0 7 |a dimetylamínoetylestery  |2 snkbucl  |9 989725 
655 7 |a články z novín a časopisov  |2 snkbucl  |9 267496 
700 1 |a Pham Thi Viet Nga  |4 aut  |9 989726 
700 1 |a Čižmárik, Jozef,  |d 1943-  |4 aut  |9 106710 
700 1 |a Lehotay, J.  |4 aut  |9 567989 
700 1 |a Bednáriková, A.  |4 aut  |9 989727 
773 0 |t Česko-slovenská farmacie  |g Roč. 42, č. 1 (1993), s. 27-29  |x 0009-0530 
850 |a Slovenská národná knižnica v Martine  |a MTA001 
852 |a SNK  |b KIS3GCP 
958 |a NB 
958 |a RK 
958 |a ME 
992 |a RBX 
999 |c 1591450  |d 1593380